Представление документа в формате MARC21

ПолеНазваниеЗначение
  Тип записи a
  Библиографический уровень m
001 Контрольный номер RU\infra-m\znanium\bibl\2225982
005 Дата корректировки 20260429142111.5
008 Кодируемые данные 250911s2025 RU g rus u
020 Индекс ISBN __
a ISBN 978-5-9729-2312-0
040 Источник каталогиз. __
a Служба первич. каталог. Общество с ограниченной ответственностью «ЗНАНИУМ»
041 Код языка издания __
a Код языка текста rus
044 Код страны публикации __
a Код страны публикации RU
080 Индекс УДК __
a Индекс УДК 621
080 Индекс УДК __
a Индекс УДК 681
084 Индекс другой классификации/Индекс ББК __
2 Источник индекса rubbk
a Индекс другой классификации/Индекс ББК 3281
084 Индекс другой классификации/Индекс ББК __
2 Источник индекса rubbk
a Индекс другой классификации/Индекс ББК 344
084 Индекс другой классификации/Индекс ББК __
2 Источник индекса okso
a Индекс другой классификации/Индекс ББК 15.03.02
084 Индекс другой классификации/Индекс ББК __
2 Источник индекса okso
a Индекс другой классификации/Индекс ББК 15.03.04
100 Автор __
a Автор Митюрев А.А.
q Полное имя Митюрев Андрей Арсеньевич
u Дополнение Тверской государственный технический университет
245 Заглавие __
a Заглавие Проектирование и расчёт валов и установленных на них деталей и узлов
b Продолж. заглавия Учебное пособие
c Ответственность Тверской государственный технический университет
250 Сведения об издании __
a Основные сведения об издании 1
260 Выходные данные __
a Место издания Вологда
b Издательство Инфра-Инженерия
c Дата издания 2025
300 Физическое описание __
a Объем 420 с.
520 Аннотация __
a Аннотация В доступной форме с использованием примеров излагаются методы расчёта и проектирования ступенчатых валов механических передач их опорных подшипниковых узлов и типовых механических муфт общемашиностроительного применения; соединений валов со ступицами установленных на них деталей: зубчатых и червячных колёс шкивов ремённых и звёздочек цепных передач. Соответствует программе дисциплины ФГОС ВПО в части требований к результатам освоения основной образовательной программы бакалавров и специалистов. Будет полезно при самостоятельной работе над курсовыми работами и курсовыми проектами студентам изучающим дисциплину «Детали машин и основы конструирования».
521 Примеч. о цел. назн. __
a Примеч. о целев. назн. ВО - Бакалавриат
650 Тематические рубрики __
a Основная рубрика Промышленность. Энергетика
x Основная подрубрика Машиностроительные материалы и изделия
655 Указ. предметных рубрик (устаревшее) __
a Жанр/ форма (устаревшее) Учебное пособие
700 Другие авторы __
a Другие авторы Дорогов О.В.
q Полное имя Дорогов Олег Викторович
u Дополнение Тверской государственный технический университет
856 Электронный адрес документа 4_
a Имя сервера/домена znanium.ru
m Помощь ebs_support@infra-m.ru
n Местонахождение сервера НИЦ ИНФРА-М
u URL https://znanium.ru/catalog/document?id=469591
856 Электронный адрес документа 48
a Имя сервера/домена znanium.ru
d Путь /cover/2225
f Электронное имя 2225982.jpg
q Тип электронного формата image/jpeg
u URL https://znanium.ru/cover/2225/2225982.jpg
911 __
u 0030=https://znanium.ru/catalog/document?id=469591